00548nam a22001817a 4500003000400000020001800004082001800022100001800040245007500058250000800133260003800141300000700179650001700186653001700203942001200220952011700232999001700349SGT a9786203922462 a617.632bC21M aMalik, Shagun aCritical issues related to PeriodonticsbDealing with Resource problem a1st bLambert Academic Publishingc2021 a74 aPeriodontics aPeriodontics 2ddccBK 00102ddc4071aFDbFDcDISPLAYd2023-03-03iSGTUl0o617.632 C21MpFD8964r2023-03-03 00:00:00w2023-03-03yBK c23830d23830